Liste des 23 - Equipe de France - EURO 2012 - Statistiques

Statistiques générales
  • Ce quiz a été pris 541 fois
  • Le résultat moyen est 20 sur 24
Statistiques - réponses
Poste Numéro Joueurs Club % Correct
G 1 Hugo Lloris Olympique lyonnais
100%
G 16 Steve Mandanda Olympique de Marseille
100%
BU 10 Karim Benzema Real Madrid
98%
AG 7 Franck Ribéry Bayern Munich
97%
BU 9 Olivier Giroud Montpellier HSC
96%
DG 3 Patrice Évra Manchester United
94%
MC 11 Samir Nasri Manchester City
91%
SEL / Laurent Blanc
90%
DC 5 Philippe Mexès AC Milan
87%
DC 4 Adil Rami Valence CF
86%
DG 22 Gaël Clichy Manchester City
85%
DC 21 Laurent Koscielny Arsenal FC
84%
MDC 6 Yohan Cabaye Newcastle United
84%
MC 12 Blaise Matuidi Paris SG
81%
MG 15 Florent Malouda Chelsea FC
80%
AT 20 Hatem Ben Arfa Newcastle United
80%
DD 2 Mathieu Debuchy Lille OSC
80%
G 23 Cédric Carrasso Girondins de Bordeaux
76%
AD 14 Jérémy Ménez Paris SG
74%
MOC 19 Marvin Martin FC Sochaux
74%
MOC 8 Mathieu Valbuena Olympique de Marseille
74%
DD 13 Anthony Réveillère Olympique lyonnais
69%
MDC 18 Alou Diarra Olympique de Marseille
68%
MDC 17 Yann M'Vila Stade rennais
55%
Aucun quiz correspondant
Distribution des résultats
% des personnes avec chaque résultat
Percentile par nombre de réponses
Votre historique - résultats
Vous n’avez pas pris ce quiz